000 00463nam a22001217a 4500
008 230609b xxu||||| |||| 00| 0 eng d
082 _a354.6200
_bGOK
245 _aReport of the Auditor-General on the Appropriation Accounts Other Public Accounts and the Accounts of the funds of the Republic of Kenya for the year 2010/2011c
_cGovernment of Kenya
260 _aKenya
_bGovernment of Kenya
_c2011
300 _a800 p
710 _bGovernment of Kenya
942 _2ddc
_cBK
999 _c989
_d989